• 首页
  • 本馆介绍
  • 公告通知
  • 最新文献
  • 馆藏检索
  • 电子资源
  • 读者导购
  • 参考咨询
  • 我的图书馆
  • 登录
  • 详细信息显示
  • 放入我的书架
  • 预约/预借图书
  • 作者相关作品
  • 分类相关作品
  • 丛书相关作品
  • 出版社相关作品

书目信息

  • 表格格式
  • 工作单格式
  • 卡片格式
题名:
现代建筑与古代风水
    
 
作者: 丁文剑 编著
分册:  
出版信息: 上海   东华大学出版社  2008
页数: 262页
开本: 21cm
丛书名:
单 册:
中图分类: TU-856 , B992.4
科图分类:
主题词: 风水--关系--建筑--研究--中国
电子资源:
ISBN: 978-7-81111-324-2
000 00858nam0 2200229 450
001 1551098571
005 20150118141214.31
010    @a978-7-81111-324-2@dCNY21.00
100    @a20080512d2008 em y0chiy50 ea
101 0  @achi
102    @aCN@b310000
105    @aa z 000yy
200 1  @a现代建筑与古代风水@9xian dai jian zhu yu gu dai feng shui@f丁文剑编著
210    @a上海@c东华大学出版社@d2008
215    @a262页@c图@d21cm
330    @a本书从历史的角度,对古代风水理论进行分类、研究,对其哲学文化内涵、数理法则、风水理论的局限性进行总结。从建筑选址的角度,着重研究总结选址与风水理论关联的土壤、水流等要素,并对古代城市和聚落的布局的风水要求进行了分析。
606 0  @a风水@x关系@x建筑@x研究@y中国
690    @aTU-856@v5
690    @aB992.4@v5
701  0 @a丁文剑@9ding wen jian@4编著
801  0 @aCN@bTSSF@c20150118
905    @aZUCC@dTU-856@eJY84
    
    现代建筑与古代风水/丁文剑编著.-上海:东华大学出版社,2008
    262页:图;21cm
    
    
    ISBN 978-7-81111-324-2:CNY21.00
    本书从历史的角度,对古代风水理论进行分类、研究,对其哲学文化内涵、数理法则、风水理论的局限性进行总结。从建筑选址的角度,着重研究总结选址与风水理论关联的土壤、水流等要素,并对古代城市和聚落的布局的风水要求进行了分析。
●
相关链接 在E读中查询图书 在五车中查询图书 在当当中查询图书 在豆瓣中查询图书


正题名:现代建筑与古代风水     索取号:TU-856/JY84         预约/预借

序号 登录号 条形码 馆藏地/架位号 状态 备注
1 7849008   278490081   学院路分馆/ [索取号:TU-856/JY84] 在馆    
2 7849009   278490090   学院路分馆/ [索取号:TU-856/JY84] 在馆    
3 7849010   278490107   学院路分馆/ [索取号:TU-856/JY84] 在馆    
4 7849011   278490116   学院路分馆/ [索取号:TU-856/JY84] 在馆    
唐山师范学院图书馆 欢迎您!
大连网信软件有限公司© 版权所有